Chronologie du design
Αποθηκεύτηκε σε:
| Κύριος συγγραφέας: | |
|---|---|
| Μορφή: | Βιβλίο |
| Γλώσσα: | French |
| Δημοσίευση: |
Paris :
Flammarion,
c1999
|
| Σειρά: | Tout l' art. Encyclopedie
|
| Θέματα: | |
| Ετικέτες: |
Προσθήκη ετικέτας
Δεν υπάρχουν, Καταχωρήστε ετικέτα πρώτοι!
|
MARC
| LEADER | 00000nam a2200000 i 4500 | ||
|---|---|---|---|
| 001 | 1/86910 | ||
| 008 | 080528s1999 fre d | ||
| 020 | |a 2-08-012294-0 | ||
| 035 | |l 10097756 | ||
| 040 | |a GR-MY-UA |b gre |e aacr | ||
| 041 | 0 | |a fre | |
| 082 | 0 | |a 745.2 |2 (22) | |
| 100 | 1 | |a Laurent, Stephane. | |
| 245 | 1 | 0 | |a Chronologie du design / |c Stephane Laurent |
| 260 | |a Paris : |b Flammarion, |c c1999 | ||
| 300 | |a 237 σ.; |b εικ. (μερικές έγχρ.); |c 22 εκ. | ||
| 490 | 1 | |a Tout l' art. Encyclopedie | |
| 504 | |a Βιβλιογραφία: σ. 224-225. Ευρετήριο | ||
| 650 | 0 | 0 | |a Design |x History |y 19th century. |
| 650 | 0 | 0 | |a Design |x History |y 20th century. |
| 650 | 0 | 0 | |a Industrial design |x History. |
| 650 | 0 | 0 | |a Designers |x Biography |x Dictionaries. |
| 830 | 0 | |a Tout l' art. Encyclopedie | |
| 852 | |a INST |b SYROS |e 20080528 |h 745.2 LAU |p 005500005886 |q 005500005886 |t BK |y 0 | ||
| 901 | |a BIBL5-2008-2 | ||
| 909 | |a Ε |b 142841 | ||
| 922 | |a 5ΕΛΗ |b 200711 |c ΕΠΕΑΕΚ2/ΤΜΣΠΣ |d ΕΛΕΥΘΕΡΟΥΔΑΚΗΣ | ||
| 970 | |a ΚΑΓΙΑΒΑ |b ΕΙΡΗΝΗ |z 2008/05/28 | ||